Nízkošumová vstupná jednotka prijímača pre 12 GHz : Číslo úlohy F-57-124-007/2
Saved in:
| Main Authors: | , , , , |
|---|---|
| Other Authors: | |
| Format: | Book |
| Published: |
Bratislava :
SVŠT v Bratislave EF,
1973
|
| Tags: |
No Tags, Be the first to tag this record!
|
MARC
| LEADER | 00000nam a22000003a 4500 | ||
|---|---|---|---|
| 001 | stu236518 | ||
| 005 | 20150617230138.0 | ||
| 008 | 111017s1973----------------------------d | ||
| 040 | |a STU |b slo | ||
| 041 | 0 | ||
| 100 | 1 | |a Melicherčík, Ján |4 rth | |
| 245 | 1 | |a Nízkošumová vstupná jednotka prijímača pre 12 GHz : |b Číslo úlohy F-57-124-007/2 | |
| 260 | |a Bratislava : |b SVŠT v Bratislave EF, |c 1973 | ||
| 300 | |a 66 s | ||
| 700 | 1 | |a Steiner, Vladimír |4 aut | |
| 700 | 1 | |a Pulmann, Viliam |4 aut | |
| 700 | 1 | |a Ševčík, Pavel |4 aut | |
| 700 | 1 | |a Fundárek, Branislav |4 aut | |
| 700 | 1 | |a Hajach, Peter, |d 1946- |4 aut |u E230 |U FEI Fakulta elektrotechniky a informatiky |T FEI Katedra rádioelektroniky |X 2170 |U E230 |Y 71 |7 A000002170 | |
| 996 | |b EVYSK-S-137 |c E*VYSK-S-137 |l E |s P |a 0 |w stu236518_0001 | ||